• 首页
  • 本馆介绍
  • 公告通知
  • 最新文献
  • 馆藏检索
  • 电子资源
  • 读者导购
  • 参考咨询
  • 我的图书馆
  • 登录
  • 详细信息显示
  • 放入我的书架
  • 预约/预借图书
  • 作者相关作品
  • 分类相关作品
  • 丛书相关作品
  • 出版社相关作品

书目信息

  • 表格格式
  • 工作单格式
  • 卡片格式
题名:
蔡李佛与小梅花拳
    
 
作者: 陈耀佳 , 林友标 编著
分册:  
出版信息: 广州   广东科技出版社  2010
页数: 237页
开本: 21cm
丛书名: 民族传统体育运动系列
单 册:
中图分类: G852.19
科图分类:
主题词: 拳术--套路(武术)--基本知识 , 梅花桩--基本知识 , 拳术 , 套路(武术) , 梅花桩
电子资源:
ISBN: 978-7-5359-5191-5
000 01033oam2 2200313 45
001 1130666374
005 20110310094949.60
010    @a978-7-5359-5191-5@dCNY25.00
100    @a20110123d2010 em y0chiy50 ea
101 0  @achi
102    @aCN@b440000
105    @aa z 000yy
106    @ar
200 1  @a蔡李佛与小梅花拳@ACai Li Fo Yu Xiao Mei Hua Quan@f陈耀佳,林友标编著@FChen Yao Jia, Lin You Biao Bian Zhu
210    @a广州@c广东科技出版社@d2010
215    @a237页@c照片@d21cm
225 2  @a民族传统体育运动系列
330    @a本书共七章,内容包括:蔡李佛的起源、蔡李佛的传播、蔡李佛的影响、蔡李佛的启示、蔡李佛的医术、蔡李佛的技术、蔡李佛小梅花拳。
461  0 @12001 @a民族传统体育运动系列
606 0  @a拳术@x套路(武术)@x基本知识
606 0  @a梅花桩@x基本知识
606 0  @a拳术
606 0  @a套路(武术)
606 0  @a梅花桩
690    @aG852.19@v4
701  0 @a陈耀佳@AChen Yao Jia@4编著
701  0 @a林友标@ALin You Biao@4编著
801  0 @aCN@bTANGWEI@c20110310
905    @b0531017-20@dG852.19@e200@f4
    
    蔡李佛与小梅花拳/陈耀佳,林友标编著.-广州:广东科技出版社,2010
    237页:照片;21cm.-(民族传统体育运动系列)
    
    
    ISBN 978-7-5359-5191-5:CNY25.00
    本书共七章,内容包括:蔡李佛的起源、蔡李佛的传播、蔡李佛的影响、蔡李佛的启示、蔡李佛的医术、蔡李佛的技术、蔡李佛小梅花拳。
●
相关链接 在E读中查询图书 在五车中查询图书 在当当中查询图书 在豆瓣中查询图书


正题名:蔡李佛与小梅花拳     索取号:G852.19/200         预约/预借

序号 登录号 条形码 馆藏地/架位号 状态 备注
1 0531017   205310171   第一样本阅览室/ [索取号:G852.19/200] 在馆    
2 0531018   205310180   密集书库-体育系/ [索取号:G852.19/200] 在馆    
3 0531019   205310199   第四借阅区/ [索取号:G852.19/200] 在馆    
4 0531020   205310206   第四借阅区/ [索取号:G852.19/200] 在馆    
唐山师范学院图书馆 欢迎您!
大连网信软件有限公司© 版权所有